Η εξέλιξη του ιαματικού τουρισμού στην Ελλάδα : μεταπτυχιακή εργασία

Αποθηκεύτηκε σε:
Λεπτομέρειες βιβλιογραφικής εγγραφής
Κύριος συγγραφέας: Αθηναίου, Αγγελική
Συγγραφή απο Οργανισμό/Αρχή: Πανεπιστήμιο Αιγαίου Σχολή Επιστημών της Διοίκησης Τμήμα Διοίκησης Επιχειρήσεων Πρόγραμμα Μεταπτυχιακών Σπουδών "Σχεδιασμός, Διοίκηση και Πολιτική του Τουρισμού"
Άλλοι συγγραφείς: Τσάρτας, Πάρις, 1956- (Εισηγητής διατριβής)
Μορφή: Thesis Βιβλίο
Γλώσσα:Greek
Δημοσίευση: 2003
Θέματα:
Ετικέτες: Προσθήκη ετικέτας
Δεν υπάρχουν, Καταχωρήστε ετικέτα πρώτοι!

MARC

LEADER 00000cam a2200000 i 4500
001 1/48967
008 040218s2003 gre d
035 |l 10072337 
040 |a GR-MY-UA  |b gre  |e aacr 
041 0 |a gre 
082 0 |a 338.479109495  |2 (22) 
100 1 |a Αθηναίου, Αγγελική. 
245 1 2 |a Η εξέλιξη του ιαματικού τουρισμού στην Ελλάδα :  |b μεταπτυχιακή εργασία /  |c Αθηναίου Αγγελική ; επιβλέπων Τσάρτας Πάρις 
260 |c 2003 
300 |a 84 σ.  |b πίν. 
502 # # |a Διατριβή (μεταπτυχιακή) – Πανεπιστήμιο Αιγαίου, Χίος, 2003. 
504 |a Περιλαμβάνει βιβλιογραφία 
610 2 0 |a Πανεπιστήμιο Αιγαίου. 
650 0 0 |a Springs  |z Greece. 
650 0 0 |a Tourism  |x Health aspects. 
650 0 0 |a Tourism  |z Greece. 
650 0 0 |a Dissertations, Academic  |z Greece. 
700 1 |a Τσάρτας, Πάρις,   |d 1956-  |4 ths 
710 2 |a Πανεπιστήμιο Αιγαίου  |b Σχολή Επιστημών της Διοίκησης  |b Τμήμα Διοίκησης Επιχειρήσεων  |b Πρόγραμμα Μεταπτυχιακών Σπουδών "Σχεδιασμός, Διοίκηση και Πολιτική του Τουρισμού". 
852 |a INST  |b CHIOS  |c DIATR  |e 20040316  |h 338.479109495 ΑΘΗ  |p 005200023437  |q 005200023437  |t MTXE  |y 23 
852 |a INST  |b CHIOS  |c DIATR  |e 20040218  |h 338.479109495 ΑΘΗ  |p 005200023601  |q 005200023601  |t MTXE  |y 23 
901 |a BIBL2-2004-1 
909 |a Χ  |b 108592 
909 |a Χ  |b 108746 
924 |a ΑΘΗΝΑΙΟΥ  |b ΑΓΓΕΛΙΚΗ  |y ΧΙΟΣ  |z 2004-03 
970 |a ΠΟΥΛΑΚΗ  |b ΠΑΝΩΡΑΙΑ  |z 2004/02/18